000 nam a22 7a 4500
999 _c356156
_d356156
003 NUST
005 20180213040349.0
008 180213b ||||| |||| 00| 0 eng d
040 _a0
082 _a792.028092
100 _4Nigel Havers
245 _aPlaying with Fire
_bthe autobiography
260 _aLondon
_bHeadline publishing Group
_c2006
300 _a309p
942 _2ddc
_cBK